Statistics for RuPaul's Drag Race: Who Said That?

Click here to take the quiz!

General Stats

  • This quiz has been taken 1,097 times
  • The average score is 9 of 15

Answer Stats

Hint Answer % Correct
"Go back to Party City where you belong"Phi Phi O'Hara
93%
"Party"Adore Delano
90%
"Water off a duck's back"Jinkx Monsoon
89%
"Girl, look how orange you look"Alyssa Edwards
88%
"Good god get a grip girl"Latrice Royale
79%
"Excuse me, we originated the language"BenDeLaCreme
72%
"Beauty fades, dumb is forever!"Bianca Del Rio
66%
"No tea, no shade, no pink lemonade"Jasmine Masters
61%
"Sue me!"Nina Bo'nina Brown
50%
"Bright eyed and bushy browed..."Sasha Velour
44%
"I'm about to flood my basement"Ginger Minj
42%
"This is not RuPaul's Best Friend Race"Lashauwn Beyond
38%
"Get out of my station"Trixie Mattel
32%
"No mam, no ham, no pam, no cauliflower..."Jaidynn Dior Fierce
22%
"I had a read for Valentina, but I forgot the words"Jaymes Mansfield
18%

Score Distribution

Percentile by Number Answered

Percent of People with Each Score

Your Score History

You have not taken this quiz